000 00223nam a2200121Ia 4500
100 _a#N/A
650 _aComputer/ IT
942 _cBK
654 _aknoppix
245 _aKnoppix 5.1.1
260 _b#N/A
546 _aENGLISH
999 _c25625
_d25625